| 000 | 00655cam a2200193 a 4500 | ||
|---|---|---|---|
| 001 | 000004996 | ||
| 005 | 20200929151544.0 | ||
| 008 | 740115s1951 xx a 001 p spa | ||
| 040 |
_aDO-SdBNP _bspa _cBNPHU |
||
| 082 |
_aA861.6 _bP453r |
||
| 100 | 1 |
_aPerón, Eva _q(María Eva Duarte de Perón), _d1919-1952 _914415 |
|
| 245 | 1 | 3 |
_aLa razón de mi vida / _cEva Perón. |
| 260 |
_a[Buenos Aires, Argentina] : _b[Peuser], _c[1951]. |
||
| 300 |
_a316, [317] p. : _bil. ; _c21 cm. |
||
| 600 | 1 | 0 |
_aPERÓN, JUAN DOMINGO, _d1895-1974. _914416 |
| 650 | 4 |
_aPoesía argentina _93859 |
|
| 650 | 4 |
_aLiteratura argentina _93860 |
|
| 650 | 4 |
_aLiteratura latinoaméricana _94717 |
|
| 999 |
_c4802 _d4802 |
||